000 00724nam a2200229 u 4500
005 20240228063628.0
008 080506s2004 es r 000 0 spa d
020 _a849533366X
035 _aUPN01000155763
049 _aI
050 4 _aPZ76.3
_bA7.6
100 1 _aArbat Serarols, Carles,
_d1973-
_933719
245 1 1 _a¡Que vuelvan las vacas locas! /
_ctexto e ilustraciones Carles Arbat.
260 _aValencia, Esp. :
_bEditilde,
_c2004.
300 _a26 p.
440 0 _aDiálogo infantil ;
_v6
650 7 _aAnimales
_vLiteratura infantil
_2
_91061
650 4 _aLiteratura infantil española
_95892
650 4 _aCuentos infantiles
_96744
650 4 _aHUMORISMO Y AGUDEZAS ESPAÑOLES
_95740
905 _aInfantil
999 _c127877
_d127877